| 000 | 00720cam a22002413a 4500 | ||
|---|---|---|---|
| 001 | 6173 | ||
| 003 | PGUSA | ||
| 005 | 20140828083129.0 | ||
| 008 | 040701s2004||||xxu|||||s|||||000 | eng d | ||
| 040 |
_aPGUSA _beng |
||
| 042 | _adc | ||
| 050 | 4 | _aPR | |
| 100 | 1 |
_aButler, Samuel, _d1835-1902 |
|
| 245 | 1 | 4 |
_aThe Note-Books of Samuel Butler _h[electronic resource] / _cSamuel Butler |
| 260 |
_bProject Gutenberg, _c2004 |
||
| 506 | _aPublic domain in the USA. | ||
| 516 | _aElectronic text | ||
| 653 | _aButler, Samuel, 1835-1902 -- Notebooks, sketchbooks, etc. | ||
| 700 | 1 |
_aJones, Henry Festing, _d1851-1928 |
|
| 830 | 0 |
_aProject Gutenberg _v6173 |
|
| 856 | 4 | 0 | _uhttp://www.gutenberg.org/ebooks/6173 |
| 942 | _cEB | ||
| 999 |
_c235496 _d235496 |
||